[Event "USA tt"]
[Site "ICC INT"]
[Date "2015.09.08"]
[Round "3"]
[White "Fonseca, Miguel"]
[Black "Kim, Yoon Young"]
[Result "0-1"]
[WhiteElo "1953"]
[BlackElo "2038"]
[PlyCount "77"]
[EventDate "2015.08.25"]
[EventType "team-swiss"]
[EventRounds "10"]
[EventCountry "USA"]
[SourceTitle "EXT 2016"]
[Source "ChessBase"]
[SourceDate "2015.10.08"]
[SourceVersion "1"]
[SourceVersionDate "2015.10.08"]
[SourceQuality "1"]
[WhiteTeam "Miami"]
[BlackTeam "Connecticut"]
[WhiteTeamCountry "USA"]
[BlackTeamCountry "USA"]

1. b3 d5 2. Bb2 Nf6 3. e3 Bf5 4. Nf3 h6 5. c4 e6 6. Nc3 Be7 7. Be2 0-0 8. 0-0 c6 9. d4 Nbd7 10. Bd3 Bxd3 11. Qxd3 Bb4 12. a3 Bxc3 13. Bxc3 Ne4 14. Bb2 a5 15. Nd2 Nxd2 16. Qxd2 a4 17. Qb4 axb3 18. Qxb3 Nb6 19. cxd5 exd5 20. a4 Nc4 21. Bc3 b6 22. e4 Qd7 23. Rfe1 Ra6 24. Ra2 Rfa8 25. Bb4 b5 26. a5 dxe4 27. Rxe4 Nxa5 28. Qe3 Nc4 29. Rxa6 Rxa6 30. Re8+ Kh7 31. Qd3+ g6 32. Re1 Nb6 33. h4 Nd5 34. Bc5 Qg4 35. Re4 Nf4 36. Qf3 Ra1+ 37. Kh2 Qxh4+ 38. Qh3 Qxf2 39. Re7 0-1